000 00717nam a2200241Ia 4500
003 OSt
005 20220926024743.0
006 a|||||r|||| 00| 0
007 ta
008 220923b |||||||| |||| 00| 0 eng d
020 _a0198772017
037 _cGeneral Book
040 _aRTL
_cRTL
_beng
041 _2eng
_aeng
082 _aX:72:(B).72.N8, M4
100 _aPrachowny Martin F. J.
_9248405
245 0 _aMacroeconomics analysis for small open economics
260 _aOxford
_bClarendon Press
_c1984
300 _axii, 175p. Bib p 167-71
_ccm.
650 _aMacroeconomics
_9186166
942 _hX:72:(B).72.N8, M4
_cGB
_2CC
999 _c645396
_d645396